| 000 | 00350nam a22001457a 4500 | ||
|---|---|---|---|
| 003 | OSt | ||
| 005 | 20240802120423.0 | ||
| 008 | 240802s2015 ag ||||| |||| 00| 0 spa d | ||
| 020 | _a9789874604002 | ||
| 040 | _cbesoc | ||
| 100 |
_aDucler, Virginia _eautor |
||
| 245 |
_aEl Sol _cVirginia Ducler |
||
| 260 |
_aRosario: _bCasgrande _c2015 |
||
| 942 |
_2udc _cOG _n0 |
||
| 999 |
_c283 _d283 |
||